00555nam a2200181Ia 450000500170000000800410001708200130005810000110007124500630008226000270014530000120017265000100018465000200019465000430021494200060025795200950026399900150035820240924075554.0240331s9999 xx 000 0 und d bDAIa637 aUNIFEM 0aDairy processing :bfood cycle technology source book No.9 aNew YorkbUNIFEMc1994 a72 p ., aWomen aMilk Processing aImproving milk processing Technologies cL 001040708LaWERCLbWERCLcSSCd2024-03-31l0o 637 DAIp1853r2024-03-31w2024-03-31yL c3061d3061